000 00894nam a2200253Ia 4500
003 OSt
005 20220923225520.0
006 a|||||r|||| 00| 0
007 ta
008 220922b |||||||| |||| 00| 0 mar d
024 _a270,254
037 _cTextual
040 _aARTS
_cARTS
_bmar
041 _2mar
_amar
082 _aO155,3N40,MR, 152L4;N2
100 _aसावंत, शिवाजी; ओम शिवराज, अनु.
_9166692
245 0 _aमृत्युंजय
246 _aMṛutyuanjaya
260 _aदिल्ली
_b भारतीय ज्ञानपीठ प्रकाशन
_c1992
300 _a754पृ0
_ccm.
650 _aमराठी साहित्य
942 _hO155,3N40,MR, 152L4;N2
_cTEXL
_2CC
999 _c378766
_d378766